00456nam a22001337a 4500082002100000245003900021260004300060300003400103526003700137650001900174942001200193999001900205952009800224 a363.7387bCANcD aVehicular Emission Control Project aCanadabEnvironental Technology Center averiable pagesbill. ;c24 cm a0b0c0d363_738700000000000_CAN aMCE (D)938182 2ddccBK c542822d542822 00102ddc4070aMCEbMCEd2014-02-19l0o363.7387 CANpMCE-42714r2014-02-19w2014-02-19yBK